000 00289nam a2200133Ia 4500
100 _aGupta/Sanjeeva
942 _cBK
654 _aElectronics
245 _aElectronics communications Systems
260 _bKhanna publications
_c1986
300 _a796
546 _aENGLISH
999 _c20647
_d20647